000
00250nam a2200109Ia 4500
005
20251222154329.0
008
251222s9999||||xx |||||||||||||| ||spa||
082
_a
838.9/B28B
100
_a
"Baum, Vicki"
245
0
_a
El bosque que llora
942
_c
LIB
999
_c
34086
_d
34086